UM Logo

Davao eyes opportunities in golf tourism / (Record no. 23869)

MARC details
000 -LEADER
fixed length control field 00436nam a22001577a 4500
003 - CONTROL NUMBER IDENTIFIER
control field OSt
005 - DATE AND TIME OF LATEST TRANSACTION
control field 20250924144530.0
008 - FIXED-LENGTH DATA ELEMENTS--GENERAL INFORMATION
fixed length control field 250924b |||||||| |||| 00| 0 eng d
040 ## - CATALOGING SOURCE
Transcribing agency 0
100 ## - MAIN ENTRY--PERSONAL NAME
Personal name Davao, Pia.
Relator term author.
9 (RLIN) 68088
245 ## - TITLE STATEMENT
Title Davao eyes opportunities in golf tourism /
Statement of responsibility, etc. Pia Davao.
260 ## - PUBLICATION, DISTRIBUTION, ETC. (IMPRINT)
Place of publication, distribution, etc. Davao City ;
Name of publisher, distributor, etc. SunStar Davao ,
Date of publication, distribution, etc. September 16, 2025.
300 ## - PHYSICAL DESCRIPTION
Extent 2 pages.
650 #0 - SUBJECT ADDED ENTRY--TOPICAL TERM
Topical term or geographic name as entry element Tourism.
9 (RLIN) 29187
942 ## - ADDED ENTRY ELEMENTS (KOHA)
Source of classification or shelving scheme Dewey Decimal Classification
Koha item type Periodicals
Holdings
Withdrawn status Lost status Source of classification or shelving scheme Damaged status Not for loan Home library Current library Date acquired Total Checkouts Date last seen Price effective from Koha item type Public note
    Dewey Decimal Classification     UM Digos College - LIC UM Digos College - LIC 09/24/2025   09/24/2025 09/24/2025 Periodicals News paper clippings